000 00650nam a2200217 i 4500
001 77420
003 ES-MaACL
005 20230906173210.0
007 t|
008 041008s1954 sp ||||1| spa d
100 1 _aHammett, Dashiell.
_961679
245 1 0 _aCosecha sangrienta /
_cDashiell Hammett ; [traducción del inglés por Gloria Martinengo].
250 _a[1ª ed.].
260 _aBarcelona :
_bPlaneta,
_c[1954] (
_fJ. Ferrer Coll)
300 _a231 p. ;
_c17 cm.
490 1 _aEl buho ;
_v24
700 1 _aMartinengo, Gloria.
_977702
830 0 _aEl buho ;
_v24
_9183552
852 _aES-MaACL
_jC-8027
_bR.35725
999 _c77420
_d77420